Word Ladder: 'Crying Game' Movie Spoiler Quiz Stats

 Plays Quiz Retired Jun 29, 2021

Support Sporcle.
Go Orange.
Score 0/8 Timer 01:00
0 Plays Today
Hint 4-Letter Word % Correct
Prayer endingAMEN
95.9%
Actor WilsonOWEN
84.9%
1966 Oscar Winner ''_ ___ for All Seasons''★ A MAN ★
83.6%
PortentOMEN
78.6%
1988 Film ''____ Having a Baby''★ SHE'S ★
76.6%
Ran up a billOWED
74.3%
Storage structureSHED
74.1%
Uttered pain or surpriseOHED
54%

Today's Daily Dose

Word Ladder
ING Words

Get the Picture
Nearest Volcano

From the Vault

Broadway Shows in Songs

by MovieGuru

Which came first, the song or the show title?
Remove Ads.
Support Sporcle.
Get the best of Sporcle when you Go Orange. This ad-free experience offers more features, more stats, and more fun while also helping to support Sporcle. Thank you for becoming a member.

Show Comments

Extras

Top Quizzes Today


Score Distribution

Your Account Isn't Verified!

In order to create a playlist on Sporcle, you need to verify the email address you used during registration. Go to your Sporcle Settings to finish the process.

Report this User

Report this user for behavior that violates our Community Guidelines.

Details: